Vplyv podmienok prípravy DTD na ich environmentálnu kvalitu

Na minha lista:
Detalhes bibliográficos
Autor principal: Miháliková, Petra (Author)
Formato: Manuscrito Livro
Idioma:eslovaco
Publicado em: Bratislava : STU v Bratislave FCHPT, 2002
Edição:Obháj.: 4.6.2002
Tags: Adicionar Tag
Sem tags, seja o primeiro a adicionar uma tag!

MARC

LEADER 00000ntm a22000003a 4500
001 stu76462
005 20150617225646.5
008 020704s2002----xo------------------slo-d
040 |a STU  |b slo 
041 0 |a slo 
044 |a xo 
100 1 |a Miháliková, Petra  |4 aut 
245 1 |a Vplyv podmienok prípravy DTD na ich environmentálnu kvalitu 
250 |a Obháj.: 4.6.2002 
260 |a Bratislava :  |b STU v Bratislave FCHPT,  |c 2002 
300 |a 63 s. Tab.,grafy,lit 
500 |a Špec.: Chemická technológia dreva,celulózy a papiera 
996 |b 284C026860  |c C*D13547  |l CCI  |s A  |a 24  |w stu76462_0001